Mikrokomputerowe obliczenia silnika spalinowego Obliczenia do projektu wstepnego
Salvato in:
| Natura: | Libro |
|---|---|
| Lingua: | polacco |
| Pubblicazione: |
Warszawa
Wyd. Naukowo-techn.
1990
|
| Edizione: | 1. wyd. |
| Soggetti: | |
| Tags: |
Nessun Tag, puoi essere il primo ad aggiungerne!!
|
MARC
| LEADER | 00000nam a2200000 4500 | ||
|---|---|---|---|
| 001 | c000245 | ||
| 005 | 20221215130547.7 | ||
| 020 | |a 83-204-1105-X | ||
| 041 | 0 | |a pol | |
| 044 | |a PL | ||
| 245 | 1 | 0 | |a Mikrokomputerowe obliczenia silnika spalinowego |b Obliczenia do projektu wstepnego |
| 250 | |a 1. wyd. | ||
| 264 | 1 | |a Warszawa |b Wyd. Naukowo-techn. |c 1990 | |
| 300 | |a 262 s. | ||
| 610 | 2 | 0 | |a projektovanie |
| 610 | 2 | 0 | |a automobily |
| 610 | 2 | 0 | |a mikropočítače |
| 610 | 2 | 0 | |a využitie počítačov |
| 610 | 2 | 0 | |a priemysel strojársky |
| 610 | 2 | 0 | |a projekty technické |